Memoria (Record no. 135263)
[ view plain ]
| 000 -LEADER | |
|---|---|
| campo de control de longitud fija | 00882nam a2200217 i 4500 |
| 001 - NÚMERO DE CONTROL | |
| campo de control | 135263 |
| 003 - IDENTIFICADOR DE NÚMERO DE CONTROL | |
| campo de control | ES-MaACL |
| 005 - FECHA Y HORA DE LA ÚLTIMA TRANSACCIÓN | |
| campo de control | 20230906194838.0 |
| 007 - CAMPO FIJO DE DESCRIPCIÓN FÍSICA--INFORMACIÓN GENERAL | |
| campo de control de longitud fija | t| |
| 008 - DATOS DE LONGITUD FIJA--INFORMACIÓN GENERAL | |
| campo de control de longitud fija | 070713s1907 sp ||||1| spa d |
| 100 1# - ENTRADA PRINCIPAL--NOMBRE DE PERSONA | |
| Nombre de persona | Tolosa Latour, Manuel, |
| Fechas asociadas al nombre | 1857-1919 |
| 9 (RLIN) | 110485 |
| 245 10 - MENCIÓN DEL TÍTULO | |
| Título | Memoria |
| Resto del título | : leída ante el Consejo de Patronos de la Sociedad Protectora de los Niños en sesión del 17 de junio de 1907 / |
| Mención de responsabilidad, etc. | por Manuel de Tolosa Latour. |
| 260 ## - PUBLICACIÓN, DISTRIBUCIÓN, ETC. | |
| Lugar de publicación, distribución, etc. | Madrid : |
| Nombre del editor, distribuidor, etc. | [s.n.], |
| Fecha de publicación, distribución, etc. | 1907 ( |
| Fabricante | Imp. del Asilo de Huérfanos) |
| 300 ## - DESCRIPCIÓN FÍSICA | |
| Extensión | 16 p. ; |
| Dimensiones | 19 cm. |
| 530 ## - NOTA DISPONIBLE DE FORMULARIO FÍSICO ADICIONAL | |
| Nota de formato físico adicional disponible | Disponible en formato digital. |
| 610 24 - PUNTO DE ACCESO ADICIONAL DE MATERIA--NOMBRE DE ENTIDAD CORPORATIVA | |
| Nombre de entidad corporativa o nombre de jurisdicción como elemento de entrada | Sociedad Protectora de los Niños (Madrid) |
| 9 (RLIN) | 6805 |
| 710 2# - ENTRADA AGREGADA--NOMBRE DE ENTIDAD CORPORATIVA | |
| Nombre de entidad corporativa o nombre de jurisdicción como elemento de entrada | Sociedad Protectora de los Niños (Madrid) |
| 9 (RLIN) | 6805 |
| 852 ## - LOCALIZACIÓN | |
| Ubicación | ES-MaACL |
| Número de control de estantería | Fol-Laf-557 |
| 856 ## - LOCALIZACIÓN Y ACCESO ELECTRÓNICOS | |
| Identificador Uniforme de Recursos | <a href="http://bdh-rd.bne.es/viewer.vm?id=0000179509&page=1 ">http://bdh-rd.bne.es/viewer.vm?id=0000179509&page=1 </a> |
| Nota pública | Biblioteca Digital Hispánica |
| Estatus retirado | Estado de pérdida | Estado de daño | No para préstamo | Colección | Biblioteca de origen | Biblioteca actual | Ubicación en estantería | Fecha de adquisición | Fuente de adquisición | Total de préstamos | Signatura topográfica completa | Código de barras | Visto por última vez | Precio de reemplazo | Tipo de ítem Koha |
|---|---|---|---|---|---|---|---|---|---|---|---|---|---|---|---|
| Colección de folletos | Biblioteca del Ateneo de Madrid | Biblioteca del Ateneo de Madrid | Depósito folletos | 17/01/2008 | Fol-Laf-557 | 1140785 | 23/02/2023 | 23/02/2023 | Folleto |
